000 00396pab a2200133 454500
008 180718b1989 xxu||||| |||| 00| 0 eng d
100 _aWinn, Mylon
245 _aBlack administrators and racial roadblocks in public organisations
_bProblems and recourse
260 _c1989
300 _a797-819
650 _aBureaucracy
773 _aInternational Journal of Public Administration
909 _a4976
999 _c4976
_d4976